Návrh zlepšenia systému vzdelávania zamestnancov v podmienkach Manz Slovakia, s.r.o.

Salvato in:
Dettagli Bibliografici
Autore principale: Zámečníková, Mária (Autore)
Altri autori: Chlpeková, Andrea (Relatore della tesi)
Natura: Manoscritto Libro
Lingua:slovacco
Pubblicazione: 2016
Soggetti:
Accesso online:http://is.stuba.sk/zp/portal_zp.pl?podrobnosti=119053
Tags: Aggiungi Tag
Nessun Tag, puoi essere il primo ad aggiungerne!!

MARC

LEADER 00000ntm a22000003a 4500
001 stuzp56671
003 SK-STU
005 20160719155048.4
007 ta
008 150427s2015----xo-----f-mn---000-0-slo-d
040 |a STU  |b slo 
041 0 |a slo 
100 1 |a Zámečníková, Mária  |u 064000  |4 aut  |U MTF Materiálovotechnologická fakulta  |T MTF Ústav priemyselného inžinierstva a manažmentu  |X 76699  |U M4000  |Y 84  |7 76699 
242 0 1 |a Proposal of improvement for the educational system of employees in the Manz Slovakia, Ltd. Company  |y eng 
245 1 0 |a Návrh zlepšenia systému vzdelávania zamestnancov v podmienkach Manz Slovakia, s.r.o. 
260 |c 2016 
650 4 |a ľudské zdroje  |2 slo 
650 4 |a systematické vzdelávanie  |2 slo 
650 4 |a rozvoj  |2 slo 
650 4 |a podnik  |2 slo 
650 4 |a Human resources  |2 eng 
650 4 |a Systematic training  |2 eng 
650 4 |a Company  |2 eng 
650 4 |a Development  |2 eng 
700 1 |a Chlpeková, Andrea  |u 064000  |k Z1  |4 ths  |U MTF Materiálovotechnologická fakulta  |T MTF Ústav priemyselného inžinierstva a manažmentu  |X 237  |U M4000  |Y 84  |7 A000000237 
856 4 |u http://is.stuba.sk/zp/portal_zp.pl?podrobnosti=119053 
996 |c M* DP-12749  |l MMSKP  |s P  |a 0  |w stuzp56671_0001 
SQL |a stuzp56671  |b DDP  |c SLO  |d Návrh zlepšenia systému vzdelávania zamestnancov v podmienkach Manz Slovakia, s.r.o.  |e 76699  |f Zámečníková, Mária  |g 064000  |h 237  |i Chlpeková, Andrea  |j 20160601  |k 189  |l 06  |m http://is.stuba.sk/zp/portal_zp.pl?podrobnosti=119053  |n I-PMA  |o 5.2.52. priemyselné inžinierstvo